[Event "AUTO-ADV-435"]
[Site "http://www.queenalice.com/game.php?id=181632"]
[Date "2007.3.14"]
[Round "1"]
[White "Turkish_Silvy"]
[Black "kcarlin"]
[Result "1-0"]
[WhiteElo "1975"]
[BlackElo "1899"]

1. d4 Nf6 2. Nf3 e6 3. Bf4 b6 4. e3 Bb7 5. Bd3 d5 6. Nbd2 Be7 7. h3 O-O 8. O-O
c5 9. c3 c4 10. Bc2 b5 11. Ne5 Nbd7 12. Qf3 Nxe5 13. dxe5 Ne8 14. Qh5 g6 15. Qe2
Bg5 16. a4 Bxf4 17. exf4 a6 18. Nf3 h6 19. Nd4 Nc7 20. Qg4 Kh7 21. h4 f5 22.
exf6 Qxf6 23. h5 Kg7 24. axb5 axb5 25. Rxa8 Bxa8 26. Ra1 b4 27. Ra7 1-0

[Event "AUTO-ADV-435"]
[Site "http://www.queenalice.com/game.php?id=181639"]
[Date "2007.3.14"]
[Round "1"]
[White "Turkish_Silvy"]
[Black "Luciano_Matte"]
[Result "1-0"]
[WhiteElo "1988"]
[BlackElo "2072"]

1. d4 Nf6 2. Nf3 g6 3. Bf4 Bg7 4. e3 O-O 5. Be2 d6 6. h3 c5 7. c3 cxd4 8. exd4
Nc6 9. O-O a6 10. a4 Bd7 11. Nbd2 Nd5 12. Bh2 e5 13. Nc4 e4 14. Nfd2 f5 15. Nxd6
Qg5 16. Nxb7 Be8 17. Nc5 Bf7 18. Bxa6 Rad8 19. Bb7 Na5 20. Bxd5 Bxd5 21. Bc7 Ra8
22. Bxa5 Rxa5 23. b4 Rxc5 24. bxc5 f4 25. Qg4 Qf6 26. Rae1 h5 27. Qd7 Rd8 28.
Qc7 Re8 29. c4 Qxd4 30. cxd5 Qxd2 31. Rd1 Qb4 32. d6 1-0

[Event "AUTO-ADV-435"]
[Site "http://www.queenalice.com/game.php?id=181640"]
[Date "2007.3.14"]
[Round "1"]
[White "Luciano_Matte"]
[Black "Turkish_Silvy"]
[Result "0-1"]
[WhiteElo "2034"]
[BlackElo "1934"]

1. Nf3 d5 2. g3 Nf6 3. Bg2 Bf5 4. d3 e6 5. O-O h6 6. c4 c6 7. cxd5 exd5 8. Nc3
Be7 9. Bf4 O-O 10. Nd4 Bh7 11. e4 Qb6 12. Nf5 Bxf5 13. exf5 Qxb2 14. Na4 Qa3 15.
g4 b5 0-1

[Event "AUTO-OPEN-559"]
[Site "http://www.queenalice.com/game.php?id=216559"]
[Date "2007.5.26"]
[Round "2"]
[White "Twinigo"]
[Black "Turkish_Silvy"]
[Result "0-1"]
[WhiteElo "2016"]
[BlackElo "2078"]

1. e4 c6 2. d4 d5 3. exd5 cxd5 4. Nf3 Nc6 5. Bb5 e6 6. O-O Bd6 7. Re1 Ne7 8.
Nbd2 O-O 9. Nb3 Qc7 10. c3 f6 11. Qc2 e5 12. g3 e4 13. Nfd2 a6 14. Bf1 f5 15.
Bg2 Nb4 16. Qd1 Nd3 17. Re2 f4 18. Nxe4 dxe4 19. Bxe4 Nxc1 20. Rxc1 fxg3 21.
hxg3 Bg4 22. f3 Bxf3 23. Bxf3 Rxf3 24. Rcc2 Raf8 0-1

[Event "AUTO-OPEN-559"]
[Site "http://www.queenalice.com/game.php?id=216560"]
[Date "2007.5.26"]
[Round "2"]
[White "Turkish_Silvy"]
[Black "Twinigo"]
[Result "1-0"]
[WhiteElo "2064"]
[BlackElo "2026"]

1. d4 Nf6 2. Nf3 c5 3. c3 d5 4. Bf4 Nbd7 5. e3 a6 6. a4 g6 7. h3 Bg7 8. Be2 Qb6
9. Qc1 Ne4 10. a5 Qc6 11. Nbd2 Ndf6 12. Ne5 Qe6 13. O-O h5 14. Nxe4 Nxe4 15. c4
Bxe5 16. Bxe5 f6 17. Bh2 cxd4 18. exd4 Bd7 19. Re1 Qf7 20. cxd5 Ng5 21. Bc4 Rc8
22. Bd6 Bb5 23. Bxb5+ 1-0

[Event "AUTO-OPEN-559"]
[Site "http://www.queenalice.com/game.php?id=216565"]
[Date "2007.5.26"]
[Round "2"]
[White "bobesponja"]
[Black "Turkish_Silvy"]
[Result "0-1"]
[WhiteElo "1915"]
[BlackElo "2054"]

1. e4 c6 2. Nf3 d5 3. Nc3 dxe4 4. Nxe4 Nf6 5. Nxf6+ gxf6 6. d4 Bg4 7. Be2 Qc7 8.
Be3 Nd7 9. Qd2 e6 10. O-O-O Bd6 11. h3 Bh5 12. c4 c5 13. dxc5 Bxc5 14. g4 Bg6
15. Nh4 O-O-O 16. Nxg6 hxg6 17. Bf4 Ne5 18. Qc3 Nd3+ 19. Rxd3 Qxf4+ 20. Kb1 Qe4
21. Re1 Bxf2 22. Rd1 Qxe2 23. Rxd8+ Rxd8 24. Rxd8+ Kxd8 25. Qxf6+ Ke8 26. Qh8+
Ke7 27. a3 Qd3+ 28. Ka1 Qf1+ 29. Ka2 Qxc4+ 30. Ka1 Bd4 31. Qh4+ Bf6 32. Qf2 b6
0-1

[Event "AUTO-OPEN-559"]
[Site "http://www.queenalice.com/game.php?id=216566"]
[Date "2007.5.26"]
[Round "2"]
[White "Turkish_Silvy"]
[Black "bobesponja"]
[Result "1-0"]
[WhiteElo "2043"]
[BlackElo "1912"]

1. d4 Nf6 2. Nf3 g6 3. Bf4 d6 4. h3 Bg7 5. e3 O-O 6. Be2 Nbd7 7. O-O Re8 8. Bh2
b6 9. a4 Bb7 10. a5 e5 11. a6 Bc6 12. c4 d5 13. dxe5 Ne4 14. cxd5 Nxe5 15. dxc6
Qe7 16. Qc2 Nd6 17. Nxe5 Bxe5 18. Bxe5 Qxe5 19. Nc3 Nf5 20. Nb5 h5 21. Rad1 h4
22. Rd7 Re6 23. Nxc7 1-0

[Event "AUTO-OPEN-559"]
[Site "http://www.queenalice.com/game.php?id=268568"]
[Date "2007.9.8"]
[Round "3"]
[White "Turkish_Silvy"]
[Black "dcchess"]
[Result "1-0"]
[WhiteElo "2126"]
[BlackElo "2122"]

1. d4 Nf6 2. Nf3 g6 3. Bf4 Bg7 4. e3 d6 5. h3 O-O 6. Be2 c5 7. c3 b6 8. a4 a6 9.
O-O Nbd7 10. Nbd2 Bb7 11. Re1 Qc7 12. Qb3 e5 13. dxe5 dxe5 14. Bh2 Qc6 15. Rad1
Rae8 16. Bc4 Re7 17. e4 Qc7 18. Bd5 Bc8 19. Nc4 Ne8 20. Bg3 h6 21. Bh4 g5 22.
Bg3 Bf6 23. Nh2 h5 24. Nf3 Kh7 25. Ne3 Ng7 26. Bc4 Bb7 27. Qc2 1-0

[Event "AUTO-OPEN-559"]
[Site "http://www.queenalice.com/game.php?id=268569"]
[Date "2007.9.8"]
[Round "3"]
[White "dcchess"]
[Black "Turkish_Silvy"]
[Result "0-1"]
[WhiteElo "2110"]
[BlackElo "2138"]

1. e4 c6 2. d4 d5 3. e5 Bf5 4. Nf3 e6 5. Be2 Nd7 6. O-O Ne7 7. a3 Bg6 8. Nbd2
Nf5 9. c4 Be7 10. g4 Nh6 11. h3 O-O 12. cxd5 cxd5 13. b4 Rc8 14. Ne1 f6 15. f4
fxe5 16. fxe5 Qb6 17. Ndf3 Nf7 18. Bf4 Be4 19. Kh2 Nd8 20. Qd2 Nc6 21. Be3 Rf7
22. Ng1 Rxf1 23. Bxf1 a5 24. b5 Na7 25. a4 Bb4 26. Qf2 Bc3 27. Rc1 Nxe5 0-1

[Event "AUTO-OPEN-588"]
[Site "http://www.queenalice.com/game.php?id=272117"]
[Date "2007.9.15"]
[Round "2"]
[White "QuickQuickSlow"]
[Black "Turkish_Silvy"]
[Result "1/2-1/2"]
[WhiteElo "2146"]
[BlackElo "2138"]

1. e4 c6 2. d4 d5 3. exd5 cxd5 4. Bd3 Nc6 5. c3 e5 6. dxe5 Nxe5 7. Be2 Nf6 8.
Nf3 Bd6 9. Nxe5 Bxe5 10. Nd2 O-O 11. Nf3 Bd6 12. O-O Re8 13. Bg5 h6 14. Be3 Qc7
15. h3 Bd7 16. Nd4 Rad8 17. Nb5 Bxb5 18. Bxb5 Re6 19. Bd3 Rde8 20. Bd4 Be5 21.
Bxe5 Qxe5 22. Qd2 Nh5 23. Rad1 a6 24. f4 Qc7 25. Rde1 Nxf4 26. Rxe6 Nxe6 27. Bf5
Qc5+ 28. Kh1 Ng5 29. Bc2 Ne4 30. Qf4 Re7 1/2-1/2

[Event "AUTO-OPEN-588"]
[Site "http://www.queenalice.com/game.php?id=272118"]
[Date "2007.9.15"]
[Round "2"]
[White "Turkish_Silvy"]
[Black "QuickQuickSlow"]
[Result "1-0"]
[WhiteElo "2102"]
[BlackElo "2171"]

1. d4 Nf6 2. Nf3 g6 3. Bf4 Bg7 4. e3 O-O 5. h3 d5 6. Be2 c5 7. c3 cxd4 8. exd4
Nc6 9. O-O e6 10. Nbd2 Nd7 11. Re1 Nb6 12. Bd3 Bd7 13. a4 a5 14. Qb3 h6 15. Nf1
Bc8 16. Ne3 Nd7 17. Ng4 g5 18. Bd6 Re8 19. Re3 Nf6 20. Nxf6+ Qxf6 21. Qxd5 1-0

[Event "AUTO-ADV-435"]
[Site "http://www.queenalice.com/game.php?id=277936"]
[Date "2007.9.27"]
[Round "2"]
[White "Be0wulf"]
[Black "Turkish_Silvy"]
[Result "0-1"]
[WhiteElo "1455"]
[BlackElo "2099"]

1. e4 c6 2. d4 d5 3. Nd2 dxe4 4. Nxe4 Nf6 5. Ng3 c5 6. Nf3 cxd4 7. Bb5+ Bd7 8.
Nxd4 Bxb5 9. Nxb5 Qa5+ 10. Nc3 e6 0-1

[Event "AUTO-ADV-435"]
[Site "http://www.queenalice.com/game.php?id=277940"]
[Date "2007.9.27"]
[Round "2"]
[White "marcosweck"]
[Black "Turkish_Silvy"]
[Result "0-1"]
[WhiteElo "1697"]
[BlackElo "2092"]

1. d4 d5 2. Nf3 Bf5 3. Nc3 Nf6 4. g3 e6 5. Bg2 h6 6. Nh4 Bh7 7. O-O Be7 8. Bf4
g5 9. Bxc7 Qxc7 10. Nb5 Qb6 11. a4 gxh4 12. gxh4 Rg8 13. f3 a6 0-1

[Event "AUTO-ADV-435"]
[Site "http://www.queenalice.com/game.php?id=277941"]
[Date "2007.9.27"]
[Round "2"]
[White "Turkish_Silvy"]
[Black "marcosweck"]
[Result "1-0"]
[WhiteElo "2094"]
[BlackElo "1812"]

1. d4 Nf6 2. Nf3 e6 3. Bf4 Nc6 4. e3 g6 5. Bd3 Bg7 6. Nbd2 O-O 7. c3 d5 8. h4
Re8 9. Ne5 Nh5 10. Bg5 f6 11. Nxg6 fxg5 12. Qxh5 hxg6 13. Bxg6 Bd7 14. hxg5 Ne7
15. Bh7+ Kf8 16. Qf3+ Nf5 17. g4 Qxg5 18. gxf5 exf5 19. O-O-O Ke7 20. Rdg1 Qf6
21. Rg6 Qf7 22. Qg2 Rg8 23. Nf3 Be8 24. Rg3 Qf6 25. Bxg8 1-0

[Event "AUTO-ADV-435"]
[Site "http://www.queenalice.com/game.php?id=277942"]
[Date "2007.9.27"]
[Round "2"]
[White "ocarrasco"]
[Black "Turkish_Silvy"]
[Result "0-1"]
[WhiteElo "1882"]
[BlackElo "2121"]

1. e4 c6 2. d4 d5 3. Nc3 dxe4 4. Nxe4 Nf6 5. Nxf6+ gxf6 6. Nf3 Bg4 7. Be2 Qc7 8.
Be3 Nd7 9. O-O Rg8 10. Qd2 e6 11. c4 O-O-O 12. d5 Nb6 13. a4 Nxc4 14. Bxc4 Bxf3
15. g3 Bxd5 16. Bxd5 Rxd5 17. Qc3 f5 18. Bxa7 b6 19. a5 bxa5 20. Be3 f4 21. Bxf4
Qxf4 22. Qxc6+ Kd8 23. Rfd1 Rd2 24. Rxd2+ Qxd2 25. Qb6+ Ke7 26. Rxa5 Kf6 27. Qc5
Bxc5 0-1

[Event "AUTO-ADV-435"]
[Site "http://www.queenalice.com/game.php?id=277943"]
[Date "2007.9.27"]
[Round "2"]
[White "Turkish_Silvy"]
[Black "ocarrasco"]
[Result "1-0"]
[WhiteElo "2116"]
[BlackElo "1869"]

1. d4 Nf6 2. Nf3 g6 3. Bf4 d6 4. e3 Bg7 5. h3 O-O 6. Be2 Re8 7. O-O Nbd7 8. Bh2
b6 9. a4 Bb7 10. a5 bxa5 11. c3 Ne4 12. Nbd2 e5 13. Nxe4 Bxe4 14. Rxa5 c5 15.
Ra6 Qc7 16. dxc5 dxc5 17. Qa4 Bb7 18. Ra5 Bc6 19. Qa2 h6 20. Rd1 Qb7 21. Ba6 Qb6
22. Rd6 Bf8 23. Rxg6+ Kh7 24. Qxf7+ Kh8 25. Qg8# 1-0

[Event "AUTO-OPEN-588"]
[Site "http://www.queenalice.com/game.php?id=333886"]
[Date "2008.1.9"]
[Round "3"]
[White "cristal_negro"]
[Black "Turkish_Silvy"]
[Result "0-1"]
[WhiteElo "1646"]
[BlackElo "2159"]

1. e4 c6 2. Nc3 d5 3. d4 dxe4 4. Nxe4 Nf6 5. Nxf6+ gxf6 6. Be3 Bf5 7. c3 Nd7 8.
Be2 Qc7 9. Nf3 e6 10. Qd2 Bd6 11. c4 O-O-O 12. c5 Be7 13. Bf4 e5 14. Be3 Nxc5
15. Bc4 Ne4 16. Qc2 Bb4+ 17. Kd1 exd4 18. Bd3 dxe3 19. Ke2 Rxd3 20. fxe3 Ng3+
21. hxg3 Rxe3+ 22. Kxe3 Re8+ 23. Kf2 Qb6+ 0-1

[Event "AUTO-OPEN-588"]
[Site "http://www.queenalice.com/game.php?id=333887"]
[Date "2008.1.9"]
[Round "3"]
[White "Turkish_Silvy"]
[Black "cristal_negro"]
[Result "1-0"]
[WhiteElo "2160"]
[BlackElo "1644"]

1. d4 Nf6 2. Nf3 d6 3. Bf4 Nd5 4. Bg3 e6 5. e4 Nf6 6. Bd3 Be7 7. Nbd2 O-O 8. Qe2
Nh5 9. O-O-O Nc6 10. c3 Qd7 11. d5 Nxg3 12. hxg3 Na5 13. b4 Qa4 14. Kb2 e5 15.
Bb5 Qxd1 16. Qxd1 c6 17. Be2 Bd8 18. bxa5 cxd5 19. exd5 Bxa5 20. Ne4 Rd8 21. Bd3
Bf5 22. Nf6+ gxf6 23. Bxf5 Bb6 24. Qd2 Kf8 25. Rxh7 Rab8 26. Qh6+ 1-0